| 000 | 01950nam a2200181Ia 4500 | ||
|---|---|---|---|
| 001 | 19867 | ||
| 003 | GE_BSU | ||
| 008 | 181216s||||||||xx |||||||||||||| ||und|| | ||
| 040 | _cGE_BSU | ||
| 080 | _a34 | ||
| 245 | _aსაქართველოს მთავრობის დადგენილება №82 2010 წლის 22 მარტი. "საკანონმდებლო აღმასრულებელი სა სასამართლო ხელისუფლების ორგანოების, საჯარო სამართლის იურიდიული პირების, სახელმწიფო ბიუჯეტის დაფინანსებაზე მყოფი სხვა ორგანიზაციების, აგრეთვე საზღვარგარეთ საქ-ს დიპლომატიური წარმომადგენლობებისა და საკონსულო.. | ||
| 260 | _aთბილისი | ||
| 260 | _c? | ||
| 300 | _a12გვ. | ||
| 541 | _h2ლ.30თ. | ||
| 653 | _aსაქართველოს მთავრობის დადგენილება №82 2010 წლის 22 მარტი. "საკანონმდებლო აღმასრულებელი სა სასამართლო ხელისუფლების ორგანოების, საჯარო სამართლის იურიდიული პირების, სახელმწიფო ბიუჯეტის დაფინანსებაზე მყოფი სხვა ორგანიზაციების, აგრეთვე საზღვარგარეთ საქ-ს დიპლომატიური წარმომადგენლობებისა და საკონსულო დ | ||
| 942 | _cBK | ||
| 999 |
_c52837 _d52837 |
||